Complétez les paroles - Chansons françaises - Statistiques

Statistiques générales
  • Ce quiz a été pris 724 fois
  • Le résultat moyen est 6 sur 15
Statistiques - réponses
Chanson Paroles Réponse % Correct
Je te promets - Johnny Hallyday J'y crois comme à la terre, j'y crois comme au soleilJ'y crois comme un enfant, comme __ ____ ______ __ ____ On peut croire au ciel
73%
Mistral Gagnant - Renaud Te parler du bon temps, qui est mort et je m'en fous Te dire que ___ ________ _'___ ___ ____ Les méchants c'est pas nous
57%
Le Portrait - Calogero À chaque fois que passe un avion Il se dit que _'___ ___-____ ____ C'est peut-être elle
55%
La Vie en Rose - Edith Piaf Il est entré dans mon cœur Une part de bonheur Dont je _______ __ _____ Connais la cause
55%
Ne me quitte pas - Jacques Brel Moi, je t'offrirai des perles de pluieVenues de pays __ __ __ _____ ___ Où il ne pleut pas
46%
Sous le Vent - Garou, Céline Dion Et si tu crois que c'est fini, jamais C'est juste une pause, un _____ _____ ___ _______ Répit après les dangers
42%
Tous les Cris les SOS - Daniel Balavoine Je me raccroche à la vie
Je me saoule avec le bruit
___ _____ ___ _'_________
Des corps qui m'entourent
40%
La Bohème - Charles Aznavour Dans son nouveau décor
Montmartre semble triste
Et ___ _____ ____ _____
Les lilas sont morts
37%
Parler à mon Père - Céline Dion Je voudrais choisir un bateau Pas le plus grand, __ __ ____ ____ Ni le plus beau
36%
Tous les mêmes - Stromae Tu n'vois même pas tout c'que tu perds, ____ ___ _____ __ ______ ____ Avec une autre ce serait pire
35%
Qui a le Droit - Patrick Bruel Maman m'a dit "t'es trop p'tit pour comprendre" Et j'ai grandi avec ___ _____ _ _______ Une place à prendre
32%
Je suis Malade - Serge Lama Je bois toutes les nuits, mais tous les whiskys Pour moi ___ __ ____ ____ Ont le même goût
23%
Voilà - Barbara Pravi Mais faire sans vous j'sais pas comment Aimez-moi comme on aime un ami ___ _'__ __ ____ ________ Qui s'en va pour toujours
22%
Des Milliers de Je t'aime - Slimane On se bat contre un monde qui nous dit d'arrêter, mais Dans le froid, dans les larmes, __ _____ ___ ________ Je serai ton bouclier
12%
Je vais t'aimer - Michel Sardou À faire cerner, à faire fermer nos yeux À faire souffrir, à _____ ______ ___ _____ Faire mourir nos corps
9%
Aucun quiz correspondant
Distribution des résultats
% des personnes avec chaque résultat
Percentile par nombre de réponses
Votre historique - résultats
Vous n’avez pas pris ce quiz